000 01600nam2a22002531 4500
001 RU\NLR\INFOCOMM10\1000235039
005 20250617063004.0
035 _a(NLR Aleph) 002522623
090 _a2777316
_c2777316
100 _a20040422d1986 |||y0rusy50 ca
101 0 _arus
102 _aRU
105 _ay |||||||||
200 1 _aУправление технологическими режимами работы оборудования в гибких производственных системах
_fЛ.Ю. Лищинский
210 _d1986
_aБ. м.
461 0 _1001RU\NLR\INFOCOMM10\1000235038
_12001#$aМашиностроительное производство$eОбзор. информ.$iСерия "Автоматизированные системы проектирования и управления"$fВНИИ информ. и техн.-экон. исслед. по машиностроению и робототехнике (ВНИИТЭМР)$v1986, Вып.1
_92777309
_cМ.
_d1986-
_fВНИИ информ. и техн.-экон. исслед. по машиностроению и робототехнике (ВНИИТЭМР)
_iСерия "Автоматизированные системы проектирования и управления"
_oОбзор. информ.
_tМашиностроительное производство
_x0131-5293
_v1986, Вып.1
700 1 _aЛищинский
_bЛ.Ю.
_4070
801 1 _aRU
_bInfoComm
_c20040422
801 0 _aRU
_bNLR
_gPSBO
852 _aNLR
_jП10/6365
942 _cISSUE
980 _aNB
980 _aRUSPER